00275nam a2200097 a 450000500170000000800410001705000190005824500520007765000170012965000310014620141022142003.0080909s19uu xx 00 eng d aVCDbAJN1 2003 aAJN: Examination of the eyes and visual system. aVCD Nursing. aeyes and the visual system